[Event "RSA-chT Regions"]
[Site "Cape Town"]
[Date "2016.01.10"]
[Round "6.2"]
[White "Chipepo, Kunda"]
[Black "Mazibuko, Khanya"]
[Result "1-0"]
[WhiteElo "1818"]
[BlackElo "1559"]
[PlyCount "151"]
[EventDate "2016.01.08"]
[EventType "team-swiss"]
[EventRounds "7"]
[EventCountry "RSA"]
[SourceTitle "CBM 170 Extra"]
[Source "ChessBase"]
[SourceDate "2016.02.25"]
[SourceVersion "1"]
[SourceVersionDate "2016.02.25"]
[SourceQuality "1"]
[WhiteTeam "Johannesburg Metro"]
[BlackTeam "Johannesburg Metro III"]
[WhiteTeamCountry "RSA"]
[BlackTeamCountry "RSA"]

1. e4 c5 2. c3 e6 3. Nf3 Nc6 4. d4 cxd4 5. cxd4 d5 6. e5 Qb6 7. Nc3 Nge7 8. Bd3 Bd7 9. Na4 Qa5+ 10. Bd2 Nb4 11. Nc5 Nxd3+ 12. Nxd3 Qb6 13. Bc3 Nc6 14. 0-0 f5 15. Nf4 Be7 16. h4 0-0-0 17. Qd2 Rdg8 18. Ng5 Bxg5 19. hxg5 Qd8 20. Qe3 g6 21. b4 h6 22. Nh3 hxg5 23. Nxg5 Rh5 24. f4 Qe7 25. Rfc1 Kb8 26. Rab1 Nd8 27. b5 Qa3 28. Qd2 Rgh8 29. Kf2 Rxg5 30. fxg5 Nf7 31. Bb4 Qa4 32. Qc2 Qxc2+ 33. Rxc2 Bxb5 34. Rc3 Bc4 35. Be7 Rh5 36. Rh3 Rxh3 37. gxh3 Bxa2 38. Rb2 Bc4 39. h4 b5 40. Kf3 Kc7 41. Kf4 Kd7 42. Bb4 Kc6 43. Rh2 Kb6 44. h5 Nh8 45. Kf3 Bd3 46. Ke3 Be4 47. Bc5+ Kb7 48. hxg6 Nxg6 49. Rh7+ Kc8 50. Rxa7 f4+ 51. Kf2 f3 52. Rf7 Nh4 53. Rf6 Kd7 54. Rh6 Ng6 55. Rh7+ Kc8 56. Kg3 Kb8 57. Rf7 Kc8 58. Bb4 Kd8 59. Rb7 Kc8 60. Rxb5 Kc7 61. Ba5+ Kc6 62. Rc5+ Kb7 63. Bd8 Nf8 64. Rc7+ Ka6 65. Rf7 Ng6 66. Rf6 Bf5 67. Kxf3 Kb5 68. Ke3 Kc4 69. Rf7 Kb3 70. Rc7 Nh4 71. Be7 Ng6 72. Bd6 Nh4 73. Rf7 Bg6 74. Rb7+ Kc4 75. Kd2 Nf5 76. Rb4# 1-0

[Event "RSA-chT Regions"]
[Site "Cape Town"]
[Date "2016.01.09"]
[Round "5.2"]
[White "Chipepo, Kunda"]
[Black "Du Plessis, Heinco"]
[Result "1-0"]
[WhiteElo "1818"]
[BlackElo "1946"]
[PlyCount "29"]
[EventDate "2016.01.08"]
[EventType "team-swiss"]
[EventRounds "7"]
[EventCountry "RSA"]
[SourceTitle "CBM 170 Extra"]
[Source "ChessBase"]
[SourceDate "2016.02.25"]
[SourceVersion "1"]
[SourceVersionDate "2016.02.25"]
[SourceQuality "1"]
[WhiteTeam "Johannesburg Metro"]
[BlackTeam "Tshwane II"]
[WhiteTeamCountry "RSA"]
[BlackTeamCountry "RSA"]

1. e4 c5 2. Nf3 Nc6 3. Bb5 d6 4. Bxc6+ bxc6 5. 0-0 g6 6. Nc3 Bg7 7. Re1 e5 8. d3 Ne7 9. Ne2 0-0 10. Ng3 Rb8 11. Rb1 f5 12. exf5 Nxf5 13. Nh5 Qe8 14. Nxg7 Kxg7 15. b3 1-0